000 00298nam a22001337a 4500
008 171018b xxu||||| |||| 00| 0 eng d
020 _a9780073530413
041 _aeng
080 _25 ED
_a338
100 _a53
101 _aMEN
245 _aSTRATEGIC MANAGEMENT
_cEISNER.D.L
942 _2udc
_cBK
999 _c34674
_d34674